| 000 | 00417nam a22001697a 4500 | ||
|---|---|---|---|
| 003 | OSt | ||
| 005 | 20211129111939.0 | ||
| 008 | 211129b |||||||| |||| 00| 0 eng d | ||
| 020 | _a0521422698 | ||
| 040 | _cHU | ||
| 082 | _a371.97/EVA | ||
| 100 |
_aJ CHARLES ALDESON _920914 |
||
| 245 | _aEVALUATING SECOND LANGUAGE EDUCATION | ||
| 260 |
_aNEW YORK _bCAMBRIDGE _c1992 |
||
| 300 | _a374P | ||
| 942 |
_2ddc _cBOOKS _n0 |
||
| 999 |
_c20535 _d20535 |
||